01576nam a22001937a 4500008004100000020001800041050002100059100003500080245006300115250001700178260003800195300003200233500008900265504015000354505079100504650003501295650002101330650003101351130503t2012 mx ||||| |||| 00| 0 spa d a9786071507402 aKGF252bR56 2012 aRíos Hellig, Jorgee , autor aLa práctica del derecho notarialc / Jorge Ríos Hellig a8a edición aMéxicob : McGraw Hillc , 2010 axxii, 466 páginasc23 cm. aEducación Mixta Derecho DERECHO NOTARIAL Y REGISTRAL P19 Libro 2 06 002502 aIncluye: Tabla de contenido Agradecimeintos Prólogo Presentación Nota a la octava edición Índice analítico Bibliografía (pp. 453-458) aParte histórica general Evolución del notario en México El notariado El derecho notarial El notario Concepto de fe Requisitos de la fe pública Notas o accidentes de la fe pública. La dación de fe Tipos de fe pública Clases de fe pública Requisitos legales para ser aspirante y notario Obligaciones del notario Derechos del notario Prohibiciones del notario Incompatibilidades El notario latino y su actividad El instruemnto público notarial y las actas El protócolo Apéndices Índices El sello de autorizar Guía de control, expedientes y rótulo Responsabilidades del notario y sus consecuencias El archivo general d enotarias Agrupaciones notariales Normas notariales de jurisdicción voluntaria y tramitación sucesoria El notario y la práctica registral 0aPRÁCTICA NOTARIAL - MÉXICO 0aDERECHO NOTARIAL 0aEL NOTARIO - LATINOAMERICA